000 00310nam a22001337a 4500
008 170717b xxu||||| |||| 00| 0 eng d
020 _a2900195140919
041 _aeng
080 _a16
100 _a24
101 _aFIL
245 _aCLASSICS OF POLITICAL AND MORAL PHILOSOPOHY
_cCAHN,S,M
942 _2udc
_cBK
999 _c21267
_d21267